Online
Catalog
Normal view MARC view

Entry Nombre personal

Number of records used in: 30

001 - NÚMERO DE CONTROL

  • campo de control: 22324

003 - IDENTIFICADOR DEL NÚMERO DE CONTROL

  • campo de control: OSt

005 - FECHA Y HORA DE LA ÚLTIMA TRANSACCIÓN

  • campo de control: 20211021125225.0

008 - DATOS DE LONGITUD FIJA

  • campo de control de longitud fija: 200615|| aca||aabn | a|a d

040 ## - FUENTE DE LA CATALOGACIÓN

  • Centro catalogador/agencia de origen: OSt
  • Centro/agencia transcriptor: OSt

100 1# - ENCABEZAMIENTO-NOMBRE DE PERSONA

  • Nombre de persona: Marrero Aristy, Ramón,
  • Fechas asociadas al nombre: 1913-1959

370 ## - LUGAR ASOCIADO

  • Lugar de nacimiento: San Rafael del Yuma, La Altagracia (República Dominicana)

374 ## - OCUPACIÓN

  • Ocupación: Escritor
  • Ocupación: Periodista
  • Ocupación: Historiador
  • Ocupación: Diplomático

375 ## - GÉNERO/SEXO

  • Género/Sexo: Masculino

377 ## - LENGUA/LENGUAJE ASOCIADO

  • Código del idioma: spa

400 1# - TRAZADO DE VÉASE--NOMBRE DE PERSONA

  • Nombre de persona: Aristy, Ramón Marrero
  • Fechas asociadas al nombre: 1913-1959

670 ## - FUENTE DE DATOS ENCONTRADOS

  • Cita de la fuente: Breve antología del cuento dominicano /, 2003.

Powered by Koha